000 00254nam a22000977a 4500
999 _c533869
_d533869
082 _a891.4393
_bTAR
100 _aTarar, Mustansar Hassain.
245 _aSia aankh main tasweer /
942 _2ddc
_cBK